000 00680nam a2200205 a 4500
001 000010205
005 20240412074216.0
008 091005s1972 dr 000 p spa d
040 _aDO-SdBNP
_bspa
_cBNPHU
082 _aRD861.44
_bG633o
100 1 _aGómez, Alexis
_925205
245 1 0 _aOficio de post-muerte :
_bpoemas 1970-72 /
_cAlexis Gómez.
260 _aSanto Domingo :
_bEdiciones Nuevo Horizonte,
_c1972.
300 _a49 p. ;
_c23 cm.
500 _aIncluye datos biográficos del autor en la contracubierta
590 _aInventariado, 2018/LP
650 0 _aPoesía dominicana
_966
650 0 _aLiteratura dominicana.
_967
910 _aValidado. Control de calidad MFF
999 _c9964
_d9964